European community and SAARC (Record no. 222261)
[ view plain ]
| 000 -LEADER | |
|---|---|
| fixed length control field | 01005nam a22002657a 4500 |
| 005 - DATE AND TIME OF LATEST TRANSACTION | |
| control field | 20220409100048.0 |
| 008 - FIXED-LENGTH DATA ELEMENTS--GENERAL INFORMATION | |
| fixed length control field | 220407b ||||| |||| 00| 0 eng d |
| 020 ## - INTERNATIONAL STANDARD BOOK NUMBER | |
| International Standard Book Number | 817027190x |
| 040 ## - CATALOGING SOURCE | |
| Transcribing agency | Aloy |
| 041 ## - LANGUAGE CODE | |
| Language code of text/sound track or separate title | eng |
| 082 ## - DEWEY DECIMAL CLASSIFICATION NUMBER | |
| Edition number | 23 |
| Classification number | 330.954 |
| Item number | LALE |
| 100 ## - MAIN ENTRY--PERSONAL NAME | |
| Personal name | K B Lall Ed and others |
| 100 ## - MAIN ENTRY--PERSONAL NAME | |
| 9 (RLIN) | 28858 |
| 245 ## - TITLE STATEMENT | |
| Title | European community and SAARC |
| 260 ## - PUBLICATION, DISTRIBUTION, ETC. | |
| Place of publication, distribution, etc. | New Delhi |
| Name of publisher, distributor, etc. | Radiant Publishers |
| Date of publication, distribution, etc. | 1993 |
| 300 ## - PHYSICAL DESCRIPTION | |
| Extent | xxvi,112 p. |
| Other physical details | HB |
| Dimensions | 22x14 cm. |
| 365 ## - TRADE PRICE | |
| Price amount | 150.00 |
| Currency code | ₹ |
| Unit of pricing | 150.00 |
| 520 ## - SUMMARY, ETC. | |
| Summary, etc. | Revised version of papers contributed to a seminar on "European Union in 1992: its Significance for India and South Asia" organized by the West European Division of the School of International Studies, Jawaharlal Nehru University, New Delhi, in September 1990. |
| 650 ## - SUBJECT ADDED ENTRY--TOPICAL TERM | |
| Topical term or geographic name entry element | Global Development |
| 9 (RLIN) | 28326 |
| 650 ## - SUBJECT ADDED ENTRY--TOPICAL TERM | |
| Topical term or geographic name entry element | South Asia |
| 9 (RLIN) | 28327 |
| 650 ## - SUBJECT ADDED ENTRY--TOPICAL TERM | |
| Topical term or geographic name entry element | Indo-Pakistan Relations |
| 9 (RLIN) | 28328 |
| 700 ## - ADDED ENTRY--PERSONAL NAME | |
| Personal name | LAL (K B) Ed |
| 9 (RLIN) | 28329 |
| 700 ## - ADDED ENTRY--PERSONAL NAME | |
| Personal name | CHOPRA (H S) Ed |
| 9 (RLIN) | 28330 |
| 700 ## - ADDED ENTRY--PERSONAL NAME | |
| Personal name | MEYER (Thomas) Ed |
| 9 (RLIN) | 28334 |
| 942 ## - ADDED ENTRY ELEMENTS (KOHA) | |
| Source of classification or shelving scheme | Dewey Decimal Classification |
| Koha item type | George Fernandes Collections |
| Withdrawn status | Lost status | Source of classification or shelving scheme | Damaged status | Not for loan | Collection code | Home library | Current library | Date acquired | Total Checkouts | Full call number | Barcode | Date last seen | Price effective from | Koha item type |
|---|---|---|---|---|---|---|---|---|---|---|---|---|---|---|
| Dewey Decimal Classification | Economics | St Aloysius Library | St Aloysius Library | 03/24/2013 | 330.954 LALE | GF03200 | 04/07/2022 | 04/07/2022 | George Fernandes Collections |